| 000 | 02428nab a2200289 a 4500 | ||
|---|---|---|---|
| 005 | 20240116092845.0 | ||
| 008 | 991125c2018 cr fr p o 000 0 spa d | ||
| 035 | _aUPN01000224809 | ||
| 040 |
_aUPN _bspa _cUPN _eaacr2 |
||
| 049 | _aART-E | ||
| 100 | 1 |
_aSalessi, Solana Magalí _6- solanasalessi@uca.edu.ar |
|
| 100 | 1 | _aOmar, Alicia | |
| 245 | 1 | 0 |
_aComportamientos proactivos en el trabajo: adaptación y análisis psicométrico de una escala _h[recurso electrónico en línea] |
| 506 | 0 | _aAcceso abierto | |
| 520 | 3 | _aObjetivo: adaptar la Escala de Comportamientos Proactivos de Belschak y Den Hartog, y analizar sus propiedades psicométricas. Método: se realizó un estudio instrumental sobre una muestra no probabilística de 461 trabajadores argentinos. Resultados: análisis factoriales indicaron la pertinencia de un modelo oblicuo de tres factores (SBχ2= 1.79; GFI = .95; CFI = .94; RMSEA = .03) rotulados como comportamientos proactivos orientados a la organización, a los demás, y a uno mismo, respectivamente; con 10 variables observables, invariante según sexo y con adecuada confiabilidad (α = .78; CR = .77; ω= .72). Se obtuvo evidencia de validez convergente-discriminante y concurrente a partir del cómputo del índice AVE (AVE > .50; √AVE < rs ), y de sus correlaciones con medidas de personalidad proactiva (CP orientados a la organización: rs = .34, p < .01; CP orientados a los demás: rs = .30, p < .01; CP orientados a uno mismo: rs = .36, p < .01), satisfacción (CP orientados a la organización: rs = .40, p < .01; CP orientados a los demás: rs = 31, p < .01; CP orientados a uno mismo: rs = .44, p < .01) e implicación laboral (CP orientados a la organización: rs = .36, p < .01; CP orientados a los demás: rs= .25, p < .05; CP orientados a uno mismo: rs = .42, p < .01). Conclusión: se han obtenido evidencias de validez, invarianza factorial y confiabilidad de la versión argentina del instrumento. | |
| 650 | 2 |
_96469 _aAnálisis factorial |
|
| 653 | 0 | _aProactividad | |
| 653 | 0 | _aAutomotivación | |
| 653 | 0 | _aTrabajadores | |
| 653 | 0 | _aInstrumentos de medición | |
| 653 | 0 | 5 | _aArgentina |
| 773 |
_gVol. 32, no. 124 (2018), p. 33-49 _tActualidades en psicología _x2215-3535 |
||
| 856 | 4 | _uhttps://revistas.ucr.ac.cr/index.php/actualidades/article/view/30642/33166 | |
| 856 | 4 | _uhttps://doi.org/10.15517/ap.v32i124.30642 | |
| 905 | _aArticulo | ||
| 942 | _cART-E | ||
| 999 |
_c196906 _d196906 |
||